[Event "Wipptal Schach-CSK Merania"]
[Site "?"]
[Date "2012.12.01"]
[Round "4.1"]
[White "Hellweger, Stefan"]
[Black "De Bettin, Sergio"]
[Result "1/2-1/2"]
[WhiteElo "1497"]
[BlackElo "1713"]
[PlyCount "55"]
[EventDate "2012.??.??"]

1. e4 c6 2. Nf3 d5 3. exd5 cxd5 4. d4 e6 5. Bb5+ Bd7 6. Bxd7+ Nxd7 7. O-O Bd6
8. b3 Ne7 9. Ba3 Nf5 10. Bxd6 Nxd6 11. Nbd2 O-O 12. Rc1 Rc8 13. c4 dxc4 14.
Nxc4 Nf6 15. Qd3 Nd5 16. Nxd6 Qxd6 17. Ng5 Nf6 18. Rc4 h6 19. Rxc8 Rxc8 20. Ne4
Nxe4 21. Qxe4 Qc6 22. Qe3 b6 23. h3 Qc2 24. a4 Qc3 25. Rb1 Qxe3 26. fxe3 Rc7
27. Kf1 Kf8 28. a5 1/2-1/2

[Event "Wipptal Schach-CSK Merania"]
[Site "?"]
[Date "2012.12.01"]
[Round "4.2"]
[White "Sparber, Werner"]
[Black "Ladurner, Hans"]
[Result "1-0"]
[WhiteElo "1642"]
[BlackElo "1564"]
[PlyCount "91"]
[EventDate "2012.??.??"]

1. d4 d5 2. c4 e6 3. Nc3 c6 4. e3 Nf6 5. Nf3 Bd6 6. Bd3 O-O 7. O-O Nbd7 8. e4
dxe4 9. Nxe4 Nxe4 10. Bxe4 h6 11. Bc2 Re8 12. Qd3 Nf8 13. b3 b6 14. Bb2 Bb7 15.
Rfe1 Qc7 16. Qc3 f6 17. Re2 c5 18. dxc5 Bxc5 19. Rd1 a5 20. a3 Qe7 21. a4 e5
22. Ne1 Rad8 23. Qg3 e4 24. Rxd8 Qxd8 25. Bc1 Kh8 26. Rd2 Qe7 27. Rd1 Ne6 28.
Be3 f5 29. Qe5 Bxe3 30. fxe3 Qg5 31. Kf2 Qh4+ 32. Qg3 Qxg3+ 33. Kxg3 Rd8 34.
Rxd8+ Nxd8 35. Kf4 g6 36. Ke5 Nc6+ 37. Kd6 Kg7 38. Kc7 Ba8 39. Kxb6 Kf6 40. Bd1
Ke5 41. g3 g5 42. Ng2 Kf6 43. Be2 Ke5 44. c5 f4 45. gxf4+ gxf4 46. Nxf4 1-0

[Event "Wipptal Schach-CSK Merania"]
[Site "?"]
[Date "2012.12.01"]
[Round "4.3"]
[White "Zappi, Adriano"]
[Black "Giorgione, Roberto"]
[Result "0-1"]
[WhiteElo "1504"]
[BlackElo "1444"]
[PlyCount "68"]
[EventDate "2012.??.??"]

1. Nf3 e6 2. d4 d5 3. Bf4 Nf6 4. e3 Be7 5. Be2 O-O 6. h3 b6 7. O-O Bb7 8. Nbd2
Nbd7 9. c4 c5 10. dxc5 Nxc5 11. Rc1 Rc8 12. b4 Nce4 13. a3 a5 14. Qb3 Ba6 15.
Rfe1 dxc4 16. Nxc4 Nd5 17. b5 Bb7 18. Red1 Qe8 19. Be5 Rc5 20. a4 f6 21. Bd4
Rc8 22. Nxb6 Rxc1 23. Rxc1 Qd8 24. Nxd5 Bxd5 25. Qb2 Bb4 26. Bc4 Qd6 27. Rc2
Nc5 28. Bxc5 Bxc5 29. Bxd5 Qxd5 30. Rd2 Qe4 31. Qc2 Qb4 32. Nd4 Rd8 33. Nb3 Bd6
34. Rd4 Qe1# 0-1

[Event "Wipptal Schach-CSK Merania"]
[Site "?"]
[Date "2012.12.01"]
[Round "4.4"]
[White "Saxl, Pietro"]
[Black "Tomisich, Claudio"]
[Result "0-1"]
[WhiteElo "1480"]
[BlackElo "1335"]
[PlyCount "84"]
[EventDate "2012.??.??"]

1. e4 e6 2. Nc3 d5 3. Nf3 dxe4 4. Nxe4 Nf6 5. Ng3 b6 6. Be2 Bb7 7. d3 Be7 8.
O-O O-O 9. a3 Nc6 10. Be3 Ng4 11. h3 Nxe3 12. fxe3 Bf6 13. c3 Ne5 14. d4 Nxf3+
15. Bxf3 Bxf3 16. Qxf3 Qd5 17. Qg4 Qg5 18. Ne4 Qxe3+ 19. Kh1 Be7 20. Qf3 Qxf3
21. Rxf3 c5 22. Rd1 cxd4 23. Rxd4 Rad8 24. Rfd3 Rxd4 25. Rxd4 Rd8 26. Rxd8+
Bxd8 27. Kg1 Be7 28. Kf2 f5 29. Nd2 Kf7 30. Nb3 g5 31. g3 h5 32. Kf3 g4+ 33.
hxg4 hxg4+ 34. Kg2 e5 35. Nd2 Ke6 36. c4 Bg5 37. Nb3 Be3 38. a4 a5 39. Na1 Bd4
40. Nc2 Bxb2 41. Ne3 Bd4 42. Nd5 Kd6 0-1

[Event "Wipptal Schach-CSK Merania"]
[Site "?"]
[Date "2012.12.01"]
[Round "4.5"]
[White "Mucci, Angelo"]
[Black "Breitenberger, Josef"]
[Result "1-0"]
[WhiteElo "1531"]
[BlackElo "1330"]
[PlyCount "43"]
[EventDate "2012.??.??"]

1. e4 c5 2. Nc3 Nc6 3. g3 Nf6 4. Bg2 d6 5. d3 g6 6. Nge2 Bg7 7. O-O O-O 8. h3
Re8 9. f4 e6 10. Be3 Rb8 11. a4 a6 12. Kh2 Qc7 13. Qd2 Bd7 14. d4 cxd4 15. Nxd4
Nxd4 16. Bxd4 Bc6 17. e5 Bxg2 18. Qxg2 dxe5 19. Bxe5 Qc5 20. Bxb8 Rxb8 21. Rad1
Ne8 22. Ne4 1-0

[Event "Brixen/Milland-SK Gries"]
[Site "?"]
[Date "2012.12.15"]
[Round "5.1"]
[White "Spornberger, Maximilian"]
[Black "Sader, Michael"]
[Result "0-1"]
[WhiteElo "2222"]
[BlackElo "2169"]
[PlyCount "108"]
[EventDate "2012.??.??"]

1. e4 c5 2. c3 g6 3. d4 cxd4 4. cxd4 Bg7 5. Nc3 d6 6. h3 Nf6 7. Nf3 O-O 8. Be3
a6 9. a4 b6 10. Be2 Bb7 11. Nd2 Nc6 12. d5 Na7 13. O-O Nd7 14. Nc4 b5 15. axb5
Nxb5 16. Na5 Nxc3 17. bxc3 Qc7 18. Bd4 Nc5 19. Bxg7 Kxg7 20. Qd4+ f6 21. f4 e5
22. Qe3 exf4 23. Qxf4 Rad8 24. Rfb1 Bc8 25. Nc6 Rde8 26. Bf3 f5 27. e5 dxe5 28.
Qc4 Qd6 29. Ra5 Nd7 30. Na7 e4 31. Nxc8 Rxc8 32. Rxa6 Qc5+ 33. Qxc5 Nxc5 34.
Ra7+ Rf7 35. Rxf7+ Kxf7 36. Be2 Kf6 37. c4 Ke5 38. Rd1 Nb7 39. Kf2 Nd6 40. Rc1
Rc5 41. g3 g5 42. Bf1 f4 43. g4 h6 44. Rc2 h5 45. Rc1 hxg4 46. hxg4 Ne8 47. Rd1
Ra5 48. Be2 Nd6 49. Re1 Kd4 50. Rd1+ Kc5 51. Ke1 f3 52. Bf1 e3 53. Bd3 Ra2 54.
Rb1 Rh2 0-1

[Event "Brixen/Milland-SK Gries"]
[Site "?"]
[Date "2012.12.15"]
[Round "5.2"]
[White "Brenninger, Daniel"]
[Black "Spornberger, Andre"]
[Result "1-0"]
[WhiteElo "2056"]
[BlackElo "2048"]
[PlyCount "91"]
[EventDate "2012.??.??"]

1. e4 d5 2. exd5 Nf6 3. Bb5+ Bd7 4. Bc4 Bg4 5. f3 Bf5 6. g4 Bg6 7. Nc3 Nbd7 8.
Nh3 h5 9. g5 Nb6 10. Bb5+ Nfd7 11. Nf4 Bf5 12. d4 g6 13. Bd3 Bxd3 14. Qxd3 Bg7
15. Ne6 fxe6 16. Qxg6+ Kf8 17. dxe6 Qe8 18. Qxe8+ Kxe8 19. exd7+ Kxd7 20. Ne2
e6 21. Bd2 Rhf8 22. f4 Nc4 23. O-O-O Nd6 24. Bb4 Rf5 25. Bxd6 cxd6 26. h4 Ke7
27. Rh3 Kf7 28. Rb3 Rb8 29. Rc3 Re8 30. Rc7+ Re7 31. Rxe7+ Kxe7 32. Ng3 Rxf4
33. Nxh5 Rxh4 34. Nxg7 Rh7 35. Nxe6 Kxe6 36. Rg1 Kf5 37. Kd2 d5 38. g6 Rg7 39.
Ke3 b6 40. Kd3 b5 41. Kc3 a5 42. Kb3 Ke4 43. c3 b4 44. Ka4 bxc3 45. bxc3 Kd3
46. Rg3+ 1-0

[Event "Brixen/Milland-SK Gries"]
[Site "?"]
[Date "2012.12.15"]
[Round "5.3"]
[White "Paulmichl, Martin"]
[Black "Kofler, Thomas"]
[Result "0-1"]
[WhiteElo "1953"]
[BlackElo "1960"]
[PlyCount "116"]
[EventDate "2012.??.??"]

1. f4 Nf6 2. Nf3 d6 3. d3 Nbd7 4. e4 e5 5. Be2 c6 6. Nc3 Be7 7. d4 Qc7 8. O-O
exd4 9. Nxd4 Nc5 10. Bf3 O-O 11. Kh1 Re8 12. b4 Ne6 13. Be3 Nxd4 14. Bxd4 Be6
15. a4 a5 16. b5 Nd7 17. Be2 f6 18. Qd3 Rac8 19. Rac1 cxb5 20. Qxb5 Bc4 21.
Bxc4+ Qxc4 22. Qxd7 Qxd4 23. Nd5 Qxe4 24. Qxb7 Bf8 25. Qb3 Kh8 26. c4 Rc5 27.
h3 Kg8 28. Kh2 Qe2 29. Rf3 Qd2 30. Rc2 Qd1 31. Qb2 Re1 32. Rff2 h5 33. Rfd2
Rh1+ 34. Kg3 Qe1+ 35. Rf2 Qa1 36. Qb8 Qxa4 37. Rfe2 Rxc4 38. Ra2 Qd7 39. Ne7+
Kf7 40. Qb3 Rhc1 41. Rac2 R1xc2 42. Rxc2 d5 43. Nxd5 Rxc2 44. Nc7+ Kg6 45.
Qxc2+ Qf5 46. Qc6 h4+ 47. Kf3 Qh5+ 48. g4 hxg3+ 49. Kxg3 Kh6 50. Ne6 Bb4 51.
Qd7 Be1+ 52. Kh2 Qe2+ 53. Kg1 Qf2+ 54. Kh1 Qf3+ 55. Kg1 Bf2+ 56. Kf1 Bg3+ 57.
Kg1 Qf2+ 58. Kh1 Qf1# 0-1

[Event "Brixen/Milland-SK Gries"]
[Site "?"]
[Date "2012.12.15"]
[Round "5.4"]
[White "Kofler, Oswald"]
[Black "Niederstaetter, Harald"]
[Result "1-0"]
[WhiteElo "1858"]
[BlackElo "1930"]
[PlyCount "35"]
[EventDate "2012.??.??"]

1. g3 f5 2. Bg2 Nf6 3. Nc3 e6 4. e4 fxe4 5. Nxe4 Nxe4 6. Bxe4 g6 7. d4 Bg7 8.
c3 d5 9. Bg2 c5 10. Nf3 cxd4 11. Nxd4 Nc6 12. Be3 O-O 13. O-O e5 14. Nxc6 bxc6
15. Bc5 Rf7 16. Qa4 Qf6 17. Rad1 Bg4 18. Qxg4 1-0

[Event "Brixen/Milland-SK Gries"]
[Site "?"]
[Date "2012.12.15"]
[Round "5.5"]
[White "Zammarchi, Massimo"]
[Black "Wisthaler, Lukas"]
[Result "1-0"]
[WhiteElo "1900"]
[BlackElo "1822"]
[PlyCount "47"]
[EventDate "2012.??.??"]

1. e4 c5 2. Nf3 e6 3. d4 cxd4 4. Nxd4 a6 5. Bd3 Nf6 6. O-O Qc7 7. Qe2 d6 8. Be3
Be7 9. f4 O-O 10. g4 Nc6 11. g5 Nd7 12. Nxc6 bxc6 13. Qh5 g6 14. Qh6 f5 15. Nc3
d5 16. exf5 exf5 17. Bd4 Rf7 18. Rae1 Nc5 19. Rf3 Ne4 20. Rh3 Qxf4 21. Qxg6+
Kf8 22. Qh6+ Ke8 23. Qxc6+ Kf8 24. Qxa8 1-0

[Event "Brixen/Milland-SK Gries"]
[Site "?"]
[Date "2012.12.15"]
[Round "5.6"]
[White "Hellweg, Stephan"]
[Black "Fongarolli, Diego"]
[Result "0-1"]
[WhiteElo "1668"]
[BlackElo "1896"]
[PlyCount "120"]
[EventDate "2012.??.??"]

1. e4 c5 2. Nf3 d6 3. d4 cxd4 4. Nxd4 Nf6 5. Nc3 a6 6. Be2 e5 7. Nb3 Be7 8. Be3
Be6 9. O-O O-O 10. f4 exf4 11. Bxf4 Nc6 12. Qe1 Ne5 13. h3 Rc8 14. Rd1 Qc7 15.
Kh1 Rfd8 16. Nd4 Bc4 17. Nf5 Bxe2 18. Qxe2 h6 19. Nd5 Nxd5 20. exd5 Bf8 21.
Bxe5 dxe5 22. Qg4 Kh7 23. c3 Qc4 24. Qxc4 Rxc4 25. Ne3 Re4 26. Rfe1 b5 27. Nc2
Rxe1+ 28. Nxe1 f5 29. Kg1 e4 30. Kf2 g5 31. b3 Bd6 32. c4 bxc4 33. bxc4 Rc8 34.
Rc1 Kg7 35. Ke2 Kf6 36. Rc2 Ke5 37. Kd1 Rc5 38. g3 Kd4 39. Ng2 Bxg3 40. Rd2+
Kxc4 41. Ne3+ Kb4 42. d6 Ka3 43. d7 Bc7 44. d8=Q Bxd8 45. Rxd8 Kxa2 46. Rd6 h5
47. Rxa6+ Kb3 48. Rb6+ Kc3 49. Ke2 f4 50. Nd1+ Kd4 51. Kd2 g4 52. hxg4 hxg4 53.
Rg6 g3 54. Rg4 Rf5 55. Rg8 Rh5 56. Rd8+ Ke5 57. Nc3 Rh2+ 58. Ke1 Rh1+ 59. Kd2
e3+ 60. Ke2 g2 0-1

[Event "CSK Merania-SK Deutschnofen"]
[Site "?"]
[Date "2012.12.15"]
[Round "5.1"]
[White "Thurner, Markus"]
[Black "Teutsch, Alexander"]
[Result "1/2-1/2"]
[WhiteElo "1847"]
[BlackElo "1906"]
[PlyCount "30"]
[EventDate "2012.??.??"]

1. f4 g6 2. Nf3 d5 3. e3 Bg7 4. Be2 Nf6 5. O-O O-O 6. Qe1 c5 7. d3 Nc6 8. Nbd2
Qc7 9. Qh4 e5 10. fxe5 Nxe5 11. Nxe5 Qxe5 12. Nf3 Qe7 13. e4 dxe4 14. Ng5 exd3
15. Bxd3 h6 1/2-1/2

[Event "CSK Merania-SK Deutschnofen"]
[Site "?"]
[Date "2012.12.15"]
[Round "5.2"]
[White "Hellweger, Stefan"]
[Black "Gibitz, Othmar"]
[Result "1/2-1/2"]
[WhiteElo "1497"]
[BlackElo "1592"]
[PlyCount "29"]
[EventDate "2012.??.??"]

1. e4 e5 2. Nf3 Nc6 3. Bb5 a6 4. Bxc6 dxc6 5. O-O Bd6 6. d4 Bg4 7. dxe5 Bxf3 8.
Qxf3 Bxe5 9. Nc3 Qf6 10. Qh3 Bxc3 11. Qxc3 Qxc3 12. bxc3 O-O-O 13. Be3 b6 14.
Rad1 Ne7 15. Rd3 1/2-1/2

[Event "CSK Merania-SK Deutschnofen"]
[Site "?"]
[Date "2012.12.15"]
[Round "5.3"]
[White "Hofer, Alois"]
[Black "Maestri, Alessandro"]
[Result "1-0"]
[WhiteElo "1559"]
[BlackElo "1483"]
[PlyCount "39"]
[EventDate "2012.??.??"]

1. d4 Nf6 2. c4 e6 3. Nc3 Bb4 4. a3 Bxc3+ 5. bxc3 h6 6. Nf3 O-O 7. e3 b6 8. Be2
Bb7 9. O-O d6 10. Bb2 Nbd7 11. Nd2 c5 12. f3 d5 13. Qb3 e5 14. cxd5 exd4 15. e4
dxc3 16. Qxc3 Re8 17. Rae1 Qc7 18. Bb5 Re7 19. Nc4 Qf4 20. d6 1-0

[Event "CSK Merania-SK Deutschnofen"]
[Site "?"]
[Date "2012.12.15"]
[Round "5.4"]
[White "Zappi, Adriano"]
[Black "Welsch, Ulrich"]
[Result "0-1"]
[WhiteElo "1504"]
[BlackElo "1459"]
[PlyCount "48"]
[EventDate "2012.??.??"]

1. d4 e6 2. Nf3 Nf6 3. Bf4 c5 4. dxc5 Bxc5 5. e3 Nc6 6. Be2 Nd5 7. Bg3 Qb6 8.
Qc1 O-O 9. O-O Nxe3 10. fxe3 Bxe3+ 11. Bf2 Bxc1 12. Bxb6 Bxb2 13. Bc5 d6 14.
Bxd6 Rd8 15. Nbd2 Bxa1 16. Rxa1 Rxd6 17. Rb1 Nd4 18. Bd3 Nxf3+ 19. Nxf3 b6 20.
Re1 Bb7 21. Ne5 Rc8 22. Kf2 Bd5 23. a3 f6 24. Ng4 Bc4 0-1

[Event "CSK Merania-SK Deutschnofen"]
[Site "?"]
[Date "2012.12.15"]
[Round "5.5"]
[White "Brunner, Martin"]
[Black "Mucci, Angelo"]
[Result "1/2-1/2"]
[WhiteElo "1200"]
[BlackElo "1531"]
[PlyCount "58"]
[EventDate "2012.??.??"]

1. d4 Nf6 2. e3 g6 3. Nf3 Bg7 4. c4 O-O 5. Nc3 d6 6. Be2 Nbd7 7. O-O e5 8. dxe5
Nxe5 9. Nxe5 dxe5 10. Qxd8 Rxd8 11. b3 Bf5 12. Bb2 Rd2 13. Bc1 Rd7 14. Ba3 Rad8
15. Rad1 Bg4 16. Rxd7 Rxd7 17. Bxg4 Nxg4 18. Rd1 Rxd1+ 19. Nxd1 e4 20. Bb2 f5
21. Bxg7 Kxg7 22. Nc3 c6 23. a4 Kf6 24. h3 Ne5 25. Kf1 Nd3 26. Nb1 Ke5 27. Nd2
Kd6 28. f3 Ke5 29. fxe4 fxe4 1/2-1/2

[Event "Groeden II-Wipptal Schach"]
[Site "?"]
[Date "2012.12.15"]
[Round "5.1"]
[White "De Bettin, Sergio"]
[Black "Kazazi, Rifat"]
[Result "1/2-1/2"]
[WhiteElo "1713"]
[BlackElo "1674"]
[PlyCount "75"]
[EventDate "2012.??.??"]

1. e4 e6 2. d4 d5 3. exd5 exd5 4. Bd3 Nf6 5. h3 Be7 6. Nf3 O-O 7. O-O Ne4 8. c4
c6 9. Nc3 Nxc3 10. bxc3 Bf6 11. Bf4 Nd7 12. cxd5 cxd5 13. Re1 g6 14. Qe2 Nb6
15. Bh6 Bg7 16. Bxg7 Kxg7 17. Qe5+ Qf6 18. a4 Be6 19. Qc7 Rfc8 20. Qxb7 Bxh3
21. a5 Nc4 22. Qxd5 Be6 23. Qg5 Nd6 24. Qd2 Bd5 25. Ne5 Qh4 26. Re3 h5 27. Rg3
Be4 28. c4 Bf5 29. Nf3 Qf6 30. Rc1 h4 31. Bxf5 hxg3 32. Bxc8 gxf2+ 33. Qxf2
Rxc8 34. Ne5 Qxf2+ 35. Kxf2 f6 36. Nf3 Rxc4 37. Re1 Kf7 38. Rh1 1/2-1/2

[Event "Groeden II-Wipptal Schach"]
[Site "?"]
[Date "2012.12.15"]
[Round "5.2"]
[White "Knottner, Klaus"]
[Black "Giorgione, Roberto"]
[Result "1/2-1/2"]
[WhiteElo "1648"]
[BlackElo "1444"]
[PlyCount "48"]
[EventDate "2012.??.??"]

1. e4 e6 2. d4 d5 3. Nd2 dxe4 4. Nxe4 Nd7 5. Nf3 Ngf6 6. Nxf6+ Nxf6 7. Bd3 Be7
8. O-O O-O 9. c3 b6 10. Ne5 Bb7 11. Qe2 c5 12. Rd1 cxd4 13. cxd4 Rc8 14. a3 Rc7
15. Bf4 Bd6 16. Bg5 Be7 17. Bf4 Bd6 18. Bg3 Qa8 19. f4 Qd8 20. Kh1 Be7 21. f5
exf5 22. Bxf5 Bd6 23. Bh4 Be7 24. Bg3 Bd6 1/2-1/2

[Event "Groeden II-Wipptal Schach"]
[Site "?"]
[Date "2012.12.15"]
[Round "5.3"]
[White "Saxl, Pietro"]
[Black "Goller, Bruno"]
[Result "1/2-1/2"]
[WhiteElo "1335"]
[BlackElo "1455"]
[PlyCount "90"]
[EventDate "2012.??.??"]

1. e4 c5 2. Nc3 d6 3. h3 Nf6 4. Nf3 a6 5. d4 cxd4 6. Nxd4 e6 7. Qf3 Be7 8. Bd3
Nbd7 9. O-O Ne5 10. Qg3 O-O 11. f4 Nh5 12. Qh2 Nxd3 13. cxd3 Bh4 14. Nde2 b5
15. g4 Nf6 16. Ng3 Qb6+ 17. Qf2 Qxf2+ 18. Kxf2 Bb7 19. Be3 Nd7 20. Kf3 f5 21.
gxf5 exf5 22. Kf2 fxe4 23. Ncxe4 Bxe4 24. dxe4 Rae8 25. Kg2 Bxg3 26. Kxg3 Rxe4
27. Bd2 Nf6 28. Rac1 Re2 29. Bc3 Re3+ 30. Kg2 Nd5 31. Bd2 Re2+ 32. Rf2 Nxf4+
33. Bxf4 Rxf2+ 34. Kxf2 Rxf4+ 35. Kg3 Rf6 36. Rc8+ Kf7 37. Rc7+ Kg6 38. Ra7 d5
39. Rd7 Kf5 40. Rxd5+ Ke4 41. Rd7 Rg6+ 42. Kh2 Ke3 43. Rc7 Kd2 44. h4 h6 45.
Kh3 Ke3 1/2-1/2

[Event "Groeden II-Wipptal Schach"]
[Site "?"]
[Date "2012.12.15"]
[Round "5.4"]
[White "Grossrubatscher, Johann"]
[Black "Saxl, Alexander"]
[Result "1-0"]
[WhiteElo "1489"]
[BlackElo "1381"]
[PlyCount "66"]
[EventDate "2012.??.??"]

1. f4 Nc6 2. Nf3 e6 3. e3 b6 4. b3 Bb7 5. Bb2 d5 6. Be2 Nf6 7. O-O Bc5 8. d4
Be7 9. c3 O-O 10. Qe1 a5 11. Nbd2 Ba6 12. Rc1 Ng4 13. Bxa6 Rxa6 14. Qe2 Ra8 15.
c4 Nb4 16. a3 Na6 17. h3 Nf6 18. Ne5 c5 19. Qf3 Bd6 20. Rf2 Nd7 21. cxd5 exd5
22. Qxd5 Nf6 23. Qf3 Be7 24. Nc6 Qd7 25. d5 Nc7 26. e4 c4 27. Nxe7+ Qxe7 28.
Rxc4 b5 29. Rc6 b4 30. a4 Qd8 31. Qg3 Nh5 32. Qg4 Nf6 33. Bxf6 Qxf6 1-0

[Event "Groeden II-Wipptal Schach"]
[Site "?"]
[Date "2012.12.15"]
[Round "5.5"]
[White "Breitenberger, Josef"]
[Black "Moroder, Richard"]
[Result "1/2-1/2"]
[WhiteElo "1330"]
[BlackElo "1413"]
[PlyCount "43"]
[EventDate "2012.??.??"]

1. e4 e5 2. Nf3 Nc6 3. Bc4 Be7 4. Nc3 Nf6 5. d3 h6 6. a3 d6 7. h3 O-O 8. O-O a6
9. b4 Bd7 10. Nd5 Nxd5 11. Bxd5 Rb8 12. Be3 Kh7 13. d4 f5 14. dxe5 Nxe5 15.
Nxe5 dxe5 16. f4 c6 17. Bb3 Bf6 18. fxe5 Bxe5 19. Bd4 Bxd4+ 20. Qxd4 Qe7 21.
Rad1 Rbd8 22. exf5 1/2-1/2

[Event "J. Richter/LASK BZ-SC Naturns Jambo II"]
[Site "?"]
[Date "2012.12.15"]
[Round "5.2"]
[White "Moncher, Stefano"]
[Black "Kaserer, Hanspeter"]
[Result "1-0"]
[WhiteElo "2182"]
[BlackElo "1725"]
[PlyCount "69"]
[EventDate "2012.??.??"]

1. f4 Nf6 2. Nf3 g6 3. g3 Bg7 4. Bg2 O-O 5. O-O d6 6. Nc3 Nc6 7. d3 Re8 8. e4
Bd7 9. h3 Nh5 10. Kh2 Qc8 11. Nh4 Bf6 12. Nf5 Ng7 13. Nh6+ Kf8 14. Nd5 Be6 15.
Nxf6 exf6 16. f5 gxf5 17. exf5 Nxf5 18. Nxf5 Bxf5 19. Bh6+ Kg8 20. g4 Bg6 21.
Rxf6 Re6 22. Qf1 Qe8 23. Bg5 Re2 24. Rf2 Rxf2 25. Qxf2 Qe5+ 26. Bf4 Qxb2 27.
Rf1 Ne5 28. Bc1 Qb6 29. Qf6 Nd7 30. Qe7 Qb5 31. Kh1 Nf8 32. Re1 Qd7 33. Qf6 Re8
34. Rxe8 Qxe8 35. Bb2 1-0

[Event "J. Richter/LASK BZ-SC Naturns Jambo II"]
[Site "?"]
[Date "2012.12.15"]
[Round "5.3"]
[White "Pichler, Christoph"]
[Black "Billio, Atto"]
[Result "0-1"]
[WhiteElo "1843"]
[BlackElo "1994"]
[PlyCount "74"]
[EventDate "2012.??.??"]

1. e4 c5 2. Nf3 e6 3. d4 cxd4 4. Nxd4 a6 5. c4 Nf6 6. Bd3 d6 7. O-O Nbd7 8. Nc3
Qc7 9. b3 b5 10. a3 bxc4 11. bxc4 Be7 12. Be3 Ne5 13. Be2 O-O 14. Qb3 Rb8 15.
Qa2 Bb7 16. f3 Rfc8 17. Rfc1 g6 18. Rab1 Ba8 19. Rb4 a5 20. Ncb5 Qd7 21. Ra4
Bd8 22. Bd2 Bb6 23. Qa1 Nc6 24. Be3 e5 25. Nc2 Bxe3+ 26. Nxe3 Nd4 27. Bf1 Nb3
28. Qb2 Nxc1 29. Rxa5 Qd8 30. Ra6 Bc6 31. a4 Ra8 32. Na7 Rcb8 33. Qxc1 Rxa7 34.
Rxc6 Qd7 35. Nd5 Qxc6 36. Nxf6+ Kg7 37. Nd5 h6 0-1

[Event "J. Richter/LASK BZ-SC Naturns Jambo II"]
[Site "?"]
[Date "2012.12.15"]
[Round "5.4"]
[White "Bevilacqua, Maurizio"]
[Black "Gurschler, Thomas"]
[Result "1-0"]
[WhiteElo "1974"]
[BlackElo "1674"]
[PlyCount "75"]
[EventDate "2012.??.??"]

1. d4 g6 2. e4 Bg7 3. Nf3 c6 4. Bd3 d5 5. Nbd2 Bg4 6. c3 Nd7 7. h3 Bxf3 8. Qxf3
e6 9. O-O Ne7 10. Re1 O-O 11. Qg3 c5 12. e5 Nc6 13. Nf3 Qb6 14. Be3 Qxb2 15.
Rec1 Qb6 16. Rab1 Qc7 17. Qh4 f6 18. exf6 Rxf6 19. Bg5 Rf7 20. Be3 Nf8 21. dxc5
Qa5 22. a4 Ne5 23. Nxe5 Bxe5 24. Rb5 Qc7 25. Rcb1 Rb8 26. c4 dxc4 27. Bxc4 Bf4
28. Qg4 Bxe3 29. fxe3 a6 30. Rb6 Qxc5 31. Qe4 Kg7 32. Bxa6 Nd7 33. Rxb7 Rxb7
34. Rxb7 Qa5 35. Bb5 Qe1+ 36. Kh2 Rf1 37. Rxd7+ Kh6 38. Bxf1 1-0

[Event "J. Richter/LASK BZ-SC Naturns Jambo II"]
[Site "?"]
[Date "2012.12.15"]
[Round "5.5"]
[White "Naegele, Raimund"]
[Black "De Vita, Gianni"]
[Result "1/2-1/2"]
[WhiteElo "1653"]
[BlackElo "1973"]
[PlyCount "73"]
[EventDate "2012.??.??"]

1. d4 d5 2. Nf3 Nf6 3. e3 c6 4. Bd3 Bg4 5. Nbd2 Nbd7 6. c4 e6 7. O-O Bd6 8. b3
O-O 9. cxd5 exd5 10. a4 a5 11. Ba3 Bxa3 12. Rxa3 Re8 13. Ra2 Ne4 14. Qc2 Qe7
15. h3 Bh5 16. Bxe4 dxe4 17. Nh2 Nb6 18. Re1 Nd5 19. Qc5 Qg5 20. Nhf1 f5 21.
Raa1 Re6 22. Ng3 Bf7 23. Nc4 h5 24. Ne5 Be8 25. Qc4 Re7 26. Ra2 Kh7 27. Rd2
Nxe3 28. fxe3 Qxg3 29. Rde2 Qg5 30. Qc5 h4 31. Rf1 Bh5 32. Ref2 Rf8 33. Rf4
Ree8 34. Qxa5 Qg3 35. Qd2 g6 36. Qf2 Qg5 37. Qxh4 1/2-1/2

[Event "J. Richter/LASK BZ-SC Naturns Jambo II"]
[Site "?"]
[Date "2012.12.15"]
[Round "5.6"]
[White "Kowalczyk, Martin"]
[Black "Gurschler, Markus"]
[Result "1-0"]
[WhiteElo "1887"]
[BlackElo "1567"]
[PlyCount "101"]
[EventDate "2012.??.??"]

1. e4 g6 2. d4 Bg7 3. f4 d6 4. Nf3 Nf6 5. Bd3 O-O 6. O-O Nc6 7. h3 Nd7 8. c3 e5
9. Bc4 Nb6 10. Bb3 exd4 11. cxd4 Qe7 12. Nc3 Na5 13. Bc2 Be6 14. b3 d5 15. e5
Nc6 16. a4 Rfe8 17. a5 Nd7 18. Ba3 Qd8 19. g4 f6 20. f5 Bf7 21. e6 Bxe6 22.
fxe6 Rxe6 23. b4 Ne7 24. b5 c6 25. a6 Qb6 26. axb7 Qxb7 27. Bxe7 Rxe7 28. bxc6
Qxc6 29. Nxd5 Ree8 30. Rc1 Qd6 31. Kg2 Kh8 32. Bb3 Rab8 33. Qd3 Red8 34. Rfe1
Nf8 35. Ne7 Re8 36. Qc4 Nd7 37. Nc6 Nb6 38. Qf7 Rxe1 39. Rxe1 Rf8 40. Re8 Rxe8
41. Qxe8+ Qf8 42. Qxf8+ Bxf8 43. Nxa7 Nc8 44. Nxc8 Kg7 45. Be6 Bb4 46. d5 Kf8
47. Nd4 Ke8 48. Kf3 Bc5 49. Nc6 h5 50. gxh5 gxh5 51. Ke4 1-0

[Event "J. Richter/Lask BZ II-SG Kaltern/Tramin"]
[Site "?"]
[Date "2012.12.15"]
[Round "5.2"]
[White "Muscolino, Attilio"]
[Black "Paltrinieri, Nicholas"]
[Result "0-1"]
[WhiteElo "1735"]
[BlackElo "2119"]
[PlyCount "104"]
[EventDate "2012.??.??"]

1. e4 e6 2. d4 d5 3. Nc3 dxe4 4. Nxe4 Bd7 5. Be3 Bc6 6. Ng3 Nd7 7. Nf3 Bd6 8.
Bd3 Ngf6 9. O-O O-O 10. Re1 a5 11. Qe2 Bxf3 12. Qxf3 c6 13. c4 a4 14. Rad1 Qa5
15. a3 Rfd8 16. Bd2 Qc7 17. Re2 Bf8 18. Rde1 Rab8 19. Bg5 h6 20. Bf4 Bd6 21.
Be5 b5 22. cxb5 cxb5 23. Rc2 Qa5 24. Ree2 Rb6 25. Nh5 Nxh5 26. Qxh5 b4 27. Qh4
f6 28. Bxd6 Rxd6 29. axb4 Qxb4 30. Rc4 Qb3 31. Qe4 f5 32. Qe3 Nb6 33. Rc1 Rxd4
34. Bc2 Qxe3 35. fxe3 Rd2 36. Kf1 Kf7 37. Ke1 R2d5 38. e4 Rb5 39. exf5 exf5 40.
Bb1 Re8 41. Ba2+ Kf8 42. Rxe8+ Kxe8 43. Rc2 Ke7 44. h4 Rb4 45. g3 Nd7 46. Kd2
Nf6 47. Rc7+ Kd6 48. Kc3 Rxb2 49. Kxb2 Kxc7 50. Ka3 Ne4 51. Be6 Nxg3 52. Kxa4
Kd6 0-1

[Event "J. Richter/Lask BZ II-SG Kaltern/Tramin"]
[Site "?"]
[Date "2012.12.15"]
[Round "5.3"]
[White "Waldner, Mirko"]
[Black "Casadio, Lorenzo"]
[Result "1/2-1/2"]
[WhiteElo "1836"]
[BlackElo "1671"]
[PlyCount "85"]
[EventDate "2012.??.??"]

1. f4 d5 2. Nf3 Nf6 3. e3 g6 4. Be2 Bg7 5. O-O O-O 6. d3 c5 7. Qe1 Nc6 8. Nbd2
Qc7 9. Qh4 b6 10. e4 d4 11. Ng5 h6 12. Nh3 e6 13. Nf3 Nb4 14. Bd1 Rd8 15. f5
exf5 16. Bxh6 fxe4 17. Bxg7 Kxg7 18. Nd2 Bf5 19. Nxe4 Nxe4 20. dxe4 Rh8 21. Qf2
Bxe4 22. c3 dxc3 23. bxc3 Nd3 24. Qf6+ Kg8 25. Bf3 Bxf3 26. Rxf3 c4 27. Raf1
Rf8 28. Rg3 Rh6 29. Ng5 Qc5+ 30. Kh1 Qe5 31. Qf3 Qe7 32. Ne4 Kg7 33. Nf6 Rfh8
34. Ng4 Rh5 35. h3 Rf5 36. Qd1 Rxf1+ 37. Qxf1 Qe1 38. Qxe1 Nxe1 39. Ne3 b5 40.
Nf5+ Kf6 41. Nd6 a6 42. Re3 Nd3 43. Rf3+ 1/2-1/2

[Event "J. Richter/Lask BZ II-SG Kaltern/Tramin"]
[Site "?"]
[Date "2012.12.15"]
[Round "5.4"]
[White "Bonseri, Sergio"]
[Black "Bertagnolli, Gerhard"]
[Result "1/2-1/2"]
[WhiteElo "1710"]
[BlackElo "1923"]
[PlyCount "86"]
[EventDate "2012.??.??"]

1. e4 c5 2. Nf3 e6 3. d4 cxd4 4. Nxd4 a6 5. Bd3 Qc7 6. Nc3 Nf6 7. a3 Be7 8. Be3
d6 9. f3 Nbd7 10. Qd2 b5 11. g4 Ne5 12. Be2 Nc4 13. Bxc4 Qxc4 14. g5 Nd7 15.
O-O-O Bb7 16. h4 b4 17. axb4 Qxb4 18. Kb1 Ne5 19. Nce2 Qxd2 20. Bxd2 d5 21.
exd5 Bxd5 22. Rhf1 Nc4 23. Bc1 Rb8 24. b3 O-O 25. Nc3 Ba8 26. Ka2 Rfc8 27. bxc4
Rxc4 28. Rd3 Bb4 29. Nde2 Rxh4 30. Rfd1 Ba5 31. Bf4 Rc8 32. Kb2 f6 33. gxf6
gxf6 34. Rg1+ Kf8 35. Bd6+ Kf7 36. Ba3 Bc6 37. f4 Bb6 38. Rgg3 Rb8 39. Ka2 Rh2
40. Rh3 Rxh3 41. Rxh3 Kg6 42. Bc1 Rb7 43. Be3 Ba5 1/2-1/2